LEADER 00962nam a2200253 i 4500 001 000000163192 003 CaOOAMICUS 005 20070719000000.0 008 070719s1977 it u000 u ita u 013 $a140556 040 $aSeMil$bita 100 1 $aMagrelli, Enrico.$0(OLS)http://semarc/name/61847 245 10$aRobert Altman /$cdi Enrico Magrelli. 260 $aFirenze :$bLa Nuova Italia,$c1977. 300 $a133 p. ;$c17x16 cm. 490 0 $aIl castoro cinema ;$v39 500 $aContiene : Bibliografia. 600 14$aAltman, Robert <1925-2006>.$0(OLS)http://semarc/subject/31024 830 3$aIl castoro cinema ;$v39.$0(OLS)http://semarc/title/23994 850 $aSeMil 852 $aSeMil$W1$xVenegono$y1$m3M I 178$j114506$B114506$CSeMilBibl$Z2$F127024 $81 961 $aOmaggio: Pontiggia don Virginio 996 $6245$aRobert Altman$9(OLS)http://semarc/title/232813 996 $6260$aFirenze :$bLa Nuova Italia$9(OLS)http://semarc/publisher/30055 LEADER 01771nam a2200289 i 4500 001 000000170554 003 CaOOAMICUS 005 20080422000000.0 008 080422s1972 it u000 u ita u 013 $a147970 040 $aSeMil$bita 245 10$aTracce di esperienza e appunti di metodo cristiano. 246 04$iTitolo in copertina:$aTracce di esperienza e appunti di metodo cristiano : reprint delle edizioni originali di: «Riflessioni sopra un'esperienza» prima edizione apparsa a Milano mel 1959, «Tracce d'esperienza cristiana» prima edizione apparsa a Milano nel 1960, «Appunti di metodo cristiano» prima edizione... nel 1964 260 $a[S.l. :$bs.n.],$cstampa 1972$e(Varese ; Milano :$fInd. Grafiche A. Nicola ,$gstampa 1972) 300 $a254 p. ;$c17 cm. 490 0 $aRichieste ;$v5 500 $aFondo Card. Giovanni Colombo. 650 4$aComunione e liberazione .$0(OLS)http://semarc/subject/5394 650 4$aGS (Gioventù Studentesca).$0(OLS)http://semarc/subject/32473 830 0$aRichieste ;$v5.$0(OLS)http://semarc/title/25580 850 $aSeMil 852 $aSeMil$W1$xVenegono$y1$m3E I 106$j121438$B121438$CSeMilBibl$Z2$F134800 $81 941 1 $a3 961 $aLascito: Colombo Card. Giovanni 996 $6245$aTracce di esperienza e appunti di metodo cristiano$9(OLS)http://semarc/title/243944 996 $6246$aTracce di esperienza e appunti di metodo cristiano : reprint delle edizioni originali di: «Riflessioni sopra un'esperienza» prima edizione apparsa a Milano mel 1959, «Tracce d'esperienza cristiana» prima edizione apparsa a Milano nel 1960, «Appunti di metodo cristiano» prima edizione... nel 1964$9(OLS)http://semarc/title/243945 996 $6260$a[S.l. :$bs.n.]$9(OLS)http://semarc/publisher/29751